000
00220nam a2200097Ia 4500
008
220204s9999 xx 000 0 und d
082
_a
82-3
_b
SHE
100
_a
Sheldon, Sydney
245
0
_a
Master of the game
942
_c
BK
999
_c
37542
_d
37542